Statistics for Cities of the Orient Express

Click here to take the quiz!

General Stats

  • This quiz has been taken 23 times
  • The average score is 23 of 30

Answer Stats

HintAnswer% Correct
Arlberg Route | Orient Express | Simplon Route | Venice-Simplon RouteParis
96%
Simplon Route | Venice-Simplon RouteVenice
96%
Arlberg Route | Orient ExpressVienna
96%
Orient Express | Simplon RouteIstanbul
91%
Arlberg RouteZurich
87%
Arlberg Route | Orient ExpressBucharest
83%
Arlberg Route | Orient ExpressBudapest
83%
Simplon Route | Venice-Simplon RouteMilan
83%
Orient ExpressMunich
83%
Simplon RouteSofia
83%
Arlberg RouteLondon
78%
Arlberg RouteAthens
74%
Arlberg Route | Simplon RouteBelgrade
74%
Arlberg Route | Venice-Simplon RouteCalais
57%
Arlberg RouteInnsbruck
57%
Orient ExpressStrasbourg
57%
Orient ExpressVarna
48%
Simplon Route | Venice-Simplon RouteLausanne
35%

Score Distribution

Percentile by Number Answered

Percent of People with Each Score

Your Score History

You have not taken this quiz